000
00326nam a22001337a 4500
003
OSt
020
_a
9788196680152
100
_a
GOEL, Rahul
245
_a
Knowledge Petals 8 : Chemistry in Everyday Life
260
_a
New Delhi,
_b
Naples India:
_c
2024.
300
_a
370p.
650
_a
Faculty Publication
942
_2
ddc
_c
BK
999
_c
13150
_d
13150